000 01849nam a2200325 i 4500
001 26549
003 ES-MaACL
005 20250816085941.0
007 t|
008 030109s1806 sp afi |||| | spa d
080 _a72.01
080 _a730.02
100 1 _aArfe y Villafañe, Juan de.
_922671
245 1 0 _aVaria comensuración /
_cde Juan de Arfe y Villafañe.
250 _aNueva edición corregida, aumentada y mejorada con estampas finas
_bpor ... Josef Assensio y Torres y compañía.
260 _aMadrid :
_ben la Imprenta Real,
_c1806.
300 _a2 v. (97 lám. de grab.) :
_bil. ;
_c32 cm.
505 8 _aContiene: I ;
_tTratado de Geometría. Tratado de Gnomónica o Arte de construir toda especie de reloxes de sol. Tratado de Arquitectura. Tratado de medidas del cuerpo humano, su osteología, miología y modo de representar las figuras en escorzo - II ;
_tTratado de las dimensiones, coloridos y algunas propiedades de los animales quadrúpedos más principales y raros, así terrestres como anfibios. Tratado de las dimensiones, coloridos y propiedades de las aves más principales y conocidas. Tratado de las piezas de plata y oro destinadas en las iglesias para el servicio del Culto Divino. Apéndice a las obras de Juan de Arfe en el qual (sic) se trata de la ciencia heráldica...
530 _aDisponible en formato digital.
650 0 4 _aArquitectura-
_xComposición.
_9143356
650 0 7 _aEscultura
_2embne
_912417
650 4 _aAnatomía artística.
_9145729
700 1 _aAsensio, Josef.
_9146728
710 2 _aImprenta Real (Madrid)
_9134468
752 _aEspaña -
_dMadrid
852 _aES-MaACL
_927548
_jR-2703-04
_xOlim: D-20-21
_cDEPO
856 _uhttp://bdh-rd.bne.es/viewer.vm?id=0000080039&page=1
_zBiblioteca Digital Hispánica
942 _2udc
999 _c26549
_d26549